Μαθαίνετε εύκολα Python

Αποθηκεύτηκε σε:
Λεπτομέρειες βιβλιογραφικής εγγραφής
Κύριος συγγραφέας: Καρολίδης, Δημήτριος Α. (Συγγραφέας)
Μορφή: Βιβλίο
Γλώσσα:Greek
Δημοσίευση: Αθήνα : Άβακας, c2021.
Έκδοση:3η έκδ.
Θέματα:
Ετικέτες: Προσθήκη ετικέτας
Δεν υπάρχουν, Καταχωρήστε ετικέτα πρώτοι!

MARC

LEADER 00000cam a2200000 a 4500
001 1/125095
008 220616t2021####gr | ||| |||| ||gre||
020 |a 9789606789304  |q (χαρτόδετο) 
040 |a GR-MyUa  |b gre  |c GR-MyUa  |e AACR2 
041 0 |a gre 
082 7 |a 005.133   |2 (23) 
100 1 |a Καρολίδης, Δημήτριος Α.  |e aut 
245 1 0 |a Μαθαίνετε εύκολα Python /   |c Δημήτριος Α. Καρολίδης.  
250 |a 3η έκδ.  
260 |a Αθήνα :   |b Άβακας,   |c c2021.  
300 |a 635 σ. ;   |c 24 εκ.  
504 |a Περιέχει βιβλιογραφικές αναφορές.  
650 0 |a Python (Computer program language) 
852 |a INST  |b SAMOS  |c EUDOXUS  |e 20220617  |h 005.133 ΚΑΡ  |p 005300046846  |q 005300046846  |t EDX  |y 0 
920 |a Εύδοξος  |b Παραγγελία  |y Σάμος-ΤΜΠΕΣ  |z 2022-05 
970 |a Φιλιππή  |b Φάλη  |z 17-06-2022